Statistics for Scrubs Characters Trivia

Click here to take the quiz!

General Stats

  • This quiz has been taken 1,984 times
  • The average score is 12 of 16

Answer Stats

Hint Answer % Correct
Nerdy, very white doctor whose crazy thoughts narrate most of the showJohn Dorian (JD)
99%
Comical, black surgeon & nerdy, white doctor's best friendChristopher Turk
99%
Sassy, latina nurse & becomes wife of comical black surgeonCarla Espinosa
96%
Very white, female doctor & on and off girlfriend of nerdy, white doctorElliot Reid
96%
Angry, white doctor who specializes in funny/tormenting rantsPerry Cox
95%
Creepy cleaner of the hospital who torments nerdy white doctor relentlesly because of a pennyThe Janitor
94%
Mean, pretty much heartless (with the exception of season 8) Chief of MedicineRobert Kelso
89%
Angry, white doctor's ex-wife and mother of his two childrenJordan Sullivan
80%
Sassy, black nurse who dies in Season 6Laverne Roberts
76%
Eldest child of angry, white doctor and his wifeJack Cox
71%
Doctor who was engaged to white, female doctor until she broke it offKeith Dudemeister
59%
Son of nerdy, white doctorSam Dorian
55%
Brother of wife of angry, white doctor who died from leukemia and hates staged photographsBen Sullivan
50%
Mother of nerdy, white doctor's sonKim Briggs
47%
Brother of nerdy, white doctor & once drank beer in a bathtub for several daysDan Dorian
45%
Daughter of angry, white doctor and his wifeJennifer Dylan Cox
38%

Score Distribution

Percentile by Number Answered

Percent of People with Each Score

Your Score History

You have not taken this quiz